000 00631nam a2200217 a 4500
005 20220826112815.0
008 991125s2001 mx 000 0 spa u
020 _a9707100060
035 _aUPN01000133179
049 _aCG
050 4 _aPQ8519 B4
_bC9.4
100 1 _aBenedetti, Mario,
_d1920-2009
245 1 3 _aEl cumpleaños de Juan Angel /
_cMario Benedetti.
260 _aMéxico :
_bSuma de Letras,
_c2001.
300 _a166 p.
440 3 _aPunto de lectura ;
_v48.10
650 7 _aLiteratura uruguaya
_2
_95065
650 4 _aNOVELA URUGUAYA -
_ySIGLO XX
_916459
650 7 _aPoesía uruguaya
_2
_91317
905 _aLibro
999 _c105331
_d105331